[Event "It (open) \"]
[Site "masterchessopen.com Mlada Boleslav (Czech Republic)"]
[Round "0"]
[White "Vokac Marek (CZE)"]
[Black "Sotnikov Igor (RUS)"]
[Result "1-0"]
[WhiteElo "2450"]
[BlackElo "2462"]

1.d4 Nf6 2.c4 g6 3.Nc3 Bg7 4.e4 d6 5.f4 O-O 6.Nf3 c5 7.dxc5 Qa5 8.Bd3 Qxc5
9.Qe2 Nc6 10.Be3 Qa5 11.Rc1 Bg4 12.O-O Nd7 13.Qf2 Bxf3 14.gxf3 Qh5 15.Rfd1 f5
16.exf5 gxf5 17.Kh1 Nc5 18.Bf1 Rf6 19.Nd5 Rh6 20.b4 Ne6 21.Rc2 a5 22.b5 Nb4
23.Nxe7+ Kf7 24.Rcd2 Bf6 25.Rxd6 Bxe7 26.Rd7 Nxa2 27.R1d2 Nb4 28.c5 Qh4
29.Qxh4 Rxh4 30.Bc4 Rh6 31.Rxb7 a4 32.Rdd7 Re8 33.c6 a3 34.Bc5 a2 35.Rxe7+
Rxe7 36.Rxe7+ {#r} 1-0

[Event "Ch Europe (juniors)"]
[Site "masterchessopen.com Rimavska Sobota (Slovakia)"]
[Round "0"]
[White "Ruiz Diez Julio Cesar (ESP)"]
[Black "Galkin Alexander (RUS)"]
[Result "0-1"]
[WhiteElo "2264"]
[BlackElo "2615"]

1.d4 Nf6 2.c4 g6 3.Nc3 Bg7 4.e4 d6 5.f4 O-O 6.Nf3 c5 7.dxc5 Qa5 8.Bd3 Qxc5
9.Qe2 Nc6 10.Be3 Qa5 11.Rc1 Be6 12.O-O Nb4 13.Bb1 Ng4 14.Bd2 Qc5+ {#R} 0-1

[Event "It (open)"]
[Site "masterchessopen.com Balatonbereny (Hungary)"]
[Round "0"]
[White "Zimmerman Yuri (ISR)"]
[Black "Blasovszky Istvan (HUN)"]
[Result "1/2-1/2"]
[WhiteElo "2410"]
[BlackElo "2110"]

1.d4 Nf6 2.c4 g6 3.Nc3 Bg7 4.e4 d6 5.f4 c5 6.dxc5 Qa5 7.Bd3 Qxc5 8.Nf3 Nc6
9.Qe2 O-O 10.Be3 Qa5 11.O-O Ng4 12.Bd2 Qc5+ 13.Kh1 Nb4 14.Na4 Qc6 15.Bxb4 Qxa4
16.Be1 Qc6 17.Rc1 b6 18.h3 Nh6 19.Bh4 Qc7 20.Rfd1 Bb7 21.Bb1 Rfe8 22.Nd4 a6
23.Nf3 Rac8 24.Qd2 f5 25.exf5 Nxf5 26.Bxf5 gxf5 27.Ng5 e5 28.Qxd6 exf4 29.Rc2
Qxd6 30.Rxd6 Bc6 31.Bf2 h6 32.Nf3 Be4 33.Rcd2 Rxc4 34.Rxb6 Rc1+ 35.Kh2 Rc6
36.Rxc6 Bxc6 37.Bc5 Re6 38.b4 Bb5 39.Nh4 Be5 40.Kg1 Bc7 41.Kf2 Re5 42.Ng6 Re4
43.Ne7+ Kh7 44.Nxf5 Be5 45.a3 Kg6 46.Nh4+ Kf7 47.Nf3 Bc3 48.Rc2 Rc4 49.Re2 Bf6
50.Bd6 Rc3 51.Ra2 Bc4 52.Rd2 Rxa3 53.Bxf4 h5 54.Rd7+ Ke6 55.Rd6+ Ke7 56.Rc6
Bb5 57.Rc7+ Ke6 58.Bd2 Be7 59.Nd4+ Kf6 60.Nxb5 axb5 61.Rb7 Rd3 62.Ke2 Rd5
63.Bc3+ Ke6 64.Rb6+ Bd6 65.Rb7 Rf5 66.Rh7 Kd5 67.g4 hxg4 68.hxg4 Rf4 69.g5
Bxb4 70.Bf6 Bd6 71.Rb7 b4 72.Ke3 Re4+ 73.Kd3 Rg4 74.Ke2 Ke4 75.Rd7 Bf4 76.Rd4+
Kf5 77.Kf3 Rg3+ 78.Kf2 Rb3 79.Rd5+ Kg6 80.Rb5 Rd3 81.Be7 b3 82.Rb6+ Kg7 83.Rb4
Be5 84.Rb7 Kg6 85.Ke2 Rh3 86.Rb6+ Kg7 87.Bf6+ Bxf6 88.gxf6+ {#d} 1/2-1/2

[Event "It (open)"]
[Site "masterchessopen.com Benasque (Spain)"]
[Round "3"]
[White "Garcia Palermo Carlos (ITA)"]
[Black "Gallego Jimenez Victoriano (ESP)"]
[Result "1-0"]
[WhiteElo "2455"]
[BlackElo "2390"]

1.d4 Nf6 2.c4 g6 3.Nc3 Bg7 4.e4 d6 5.f4 O-O 6.Nf3 c5 7.dxc5 Qa5 8.Bd3 Qxc5
9.Qe2 Nc6 10.Be3 Qa5 11.Rc1 Bg4 12.O-O Nd7 13.Qf2 Nc5 14.Bb1 Bxf3 15.gxf3 Rac8
16.Rfd1 Ne6 17.Nd5 Rfe8 18.f5 Nc7 19.f4 e6 20.fxe6 fxe6 21.Nc3 Rcd8 22.a3 Qh5
23.Bd3 Qh3 24.Bf1 Qg4+ 25.Qg3 Qxg3+ 26.hxg3 d5 27.Nb5 Nxb5 28.cxb5 Ne7 29.Rc7
Bxb2 30.Bc5 Nc8 31.Rxb7 Nd6 32.Bxd6 Rxd6 33.Rxa7 Rdd8 34.e5 Ra8 35.Rxa8 Rxa8
36.Rb1 Bd4+ 37.Kh2 Bb6 38.Bh3 Kf7 39.Rc1 Rxa3 40.Rc6 Bf2 {#r} 1-0

[Event "Ch World (juniors) (under 20) (g)"]
[Site "masterchessopen.com Buenos Aires (Argentina)"]
[Round "0"]
[White "Krmelj Natasa (SLO)"]
[Black "Guenther Anetta (GER)"]
[Result "1-0"]
[WhiteElo "2075"]
[BlackElo "2115"]

1.d4 Nf6 2.c4 g6 3.Nc3 Bg7 4.e4 d6 5.f4 O-O 6.Nf3 c5 7.dxc5 Qa5 8.Bd3 Qxc5
9.Qe2 Nc6 10.Be3 Qa5 11.O-O Ng4 12.Kh1 Nxe3 13.Qxe3 Bd7 14.Rac1 Rac8 15.a3
Rfe8 16.Rc2 Bg4 17.Ne2 Nb8 18.h3 Bxf3 19.Qxf3 Nd7 20.Nc3 a6 21.Nb1 b5 22.b4
Qb6 23.Rfc1 Bd4 24.Nc3 bxc4 25.Nd5 Qa7 26.Rxc4 Rxc4 27.Rxc4 e6 28.Rc7 Qb8
29.Rxd7 exd5 30.e5 Qc8 31.Rxd6 Qc1+ 32.Kh2 Bg1+ 33.Kg3 Qe1+ 34.Kg4 h5+ 35.Kg5
Bf2 36.Bxg6 Bh4+ 37.Kh6 Be7 38.Qxd5 Rf8 39.Bxf7+ Rxf7 40.Rg6+ Kh8 41.Qxf7 {#r}
1-0

[Event "It (open)"]
[Site "masterchessopen.com Cappelle la Grande (France)"]
[Round "1"]
[White "Gretarsson Helgi Ass (ISL)"]
[Black "Deschler Fabrice (FRA)"]
[Result "1-0"]
[WhiteElo "2462"]
[BlackElo "2135"]

1.d4 Nf6 2.c4 g6 3.Nc3 Bg7 4.e4 d6 5.f4 O-O 6.Nf3 c5 7.dxc5 Qa5 8.Bd3 Qxc5
9.Qe2 Nc6 10.Be3 Qa5 11.O-O Bg4 12.Rac1 Nd7 13.Qf2 Bxf3 14.gxf3 Rac8 15.Rfd1
a6 16.Bf1 Nc5 17.Nd5 e6 18.b4 Nxb4 19.Ne7+ Kh8 20.Nxc8 Rxc8 21.e5 dxe5 22.a3
exf4 23.Bxc5 {#r} 1-0

[Event "Ch Czech Republic (open)"]
[Site "masterchessopen.com Luhacovice (Czech Republic)"]
[Round "0"]
[White "Vokac Marek (CZE)"]
[Black "Babula Vlastimil (CZE)"]
[Result "1/2-1/2"]
[WhiteElo "2465"]
[BlackElo "2395"]

1.d4 Nf6 2.c4 g6 3.Nc3 Bg7 4.e4 d6 5.f4 O-O 6.Nf3 c5 7.dxc5 Qa5 8.Bd3 Qxc5
9.Qe2 Nc6 10.Be3 Qa5 11.O-O Ng4 12.Bd2 Qb6+ 13.Kh1 Qxb2 14.Rab1 Qa3 15.Rb3 Qa5
16.h3 Nf6 17.Qf2 Qd8 18.Rd1 Nd7 19.Be3 Qa5 20.Nb5 Nc5 21.Bxc5 dxc5 22.Qxc5 Rd8
23.Ra3 Qb4 24.Qe3 e5 25.fxe5 Nxe5 26.Qg5 Nc6 27.Rb1 Qe7 28.Qxe7 Nxe7 29.c5 Nc6
30.Nd6 b6 31.Rxb6 Ne5 32.Nxe5 Bxe5 33.Rb1 Bxd6 34.cxd6 Rxd6 35.Bc4 Be6 36.e5
Rc6 37.Bxe6 Rxe6 38.Ra5 Re7 39.Kh2 Rc8 40.Rb2 Rc3 41.Rb8+ Kg7 42.Ra8 {#d}
1/2-1/2

[Event "It"]
[Site "masterchessopen.com Reykjavik (Iceland)"]
[Round "4"]
[White "Gretarsson Helgi Ass (ISL)"]
[Black "Asanov Bolat (KAZ)"]
[Result "1/2-1/2"]
[WhiteElo "2462"]
[BlackElo "2385"]

1.d4 Nf6 2.c4 g6 3.Nc3 Bg7 4.e4 d6 5.f4 O-O 6.Nf3 c5 7.dxc5 Qa5 8.Bd3 Qxc5
9.Qe2 Nc6 10.Be3 Qa5 11.O-O Ng4 12.Bd2 Nd4 13.Nxd4 Bxd4+ 14.Kh1 Qh5 15.h3 Nf6
16.Qxh5 Nxh5 17.Kh2 g5 18.fxg5 Be5+ {#d} 1/2-1/2

[Event "It (open)"]
[Site "masterchessopen.com Seefeld (Austria)"]
[Round "8"]
[White "Krmelj Natasa (SLO)"]
[Black "Pilz Dieter (AUT)"]
[Result "1/2-1/2"]
[WhiteElo "2075"]
[BlackElo "2330"]

1.d4 Nf6 2.c4 g6 3.Nc3 Bg7 4.e4 d6 5.f4 O-O 6.Nf3 c5 7.dxc5 Qa5 8.Bd3 Qxc5
9.Qe2 Nc6 10.Be3 Qa5 11.O-O Ng4 12.Bd2 Nd4 13.Nxd4 Bxd4+ 14.Kh1 Qh5 15.h3 Qh4
16.Be1 Qh6 17.Bd2 Qh4 18.Be1 Qh6 19.Bd2 {#d} 1/2-1/2

[Event "It (open)"]
[Site "masterchessopen.com Vendrell (Spain)"]
[Round "8"]
[White "Garcia Palermo Carlos (ITA)"]
[Black "Marcet Bisbale Antonio (ESP)"]
[Result "1-0"]
[WhiteElo "2455"]
[BlackElo "2344"]

1.d4 Nf6 2.c4 g6 3.Nc3 Bg7 4.e4 d6 5.f4 O-O 6.Nf3 c5 7.dxc5 Qa5 8.Bd3 Qxc5
9.Qe2 Nc6 10.Be3 Qa5 11.Rc1 Bg4 12.O-O Rac8 13.Bb1 Bxf3 14.gxf3 Rfe8 15.Rfd1
Qc7 16.Nd5 Qb8 17.Nxf6+ Bxf6 18.c5 dxc5 19.e5 Bg7 20.Rxc5 Rcd8 21.Be4 Rxd1+
22.Qxd1 Bf8 23.Qa4 Rd8 24.a3 e6 25.Rc1 b5 26.Qa6 Nd4 27.Kf2 Nf5 28.Bxf5 gxf5
29.b4 Kg7 30.Ke2 Qa8 31.Qxa7 Qd5 32.Rg1+ Kh6 33.Qxf7 Qd3+ 34.Kf2 Qc2+ 35.Kg3
{#r} 1-0

[Event "It (open)"]
[Site "masterchessopen.com Zaragoza (Spain)"]
[Round "0"]
[White "Braga Fernando (AND)"]
[Black "Foisor Cristina Adela (ROM)"]
[Result "1/2-1/2"]
[WhiteElo "2435"]
[BlackElo "2360"]

1.d4 Nf6 2.c4 g6 3.Nc3 Bg7 4.e4 d6 5.f4 O-O 6.Nf3 c5 7.dxc5 Qa5 8.Bd3 Qxc5
9.Qe2 Nc6 10.Be3 Qa5 11.Rc1 Bg4 12.O-O Nd7 13.Qf2 Bxf3 14.gxf3 Nc5 15.Bb1 Qb4
16.Rfd1 Qxc4 17.Nd5 Qa4 18.e5 Na6 19.Qh4 Rae8 20.b3 Qa5 21.Rxc6 bxc6 22.Nxe7+
Rxe7 23.Qxe7 dxe5 24.f5 Qc3 25.Qxa7 Nb4 26.Be4 Nd5 27.Bd2 Qb2 28.fxg6 hxg6
29.Qc5 Qxa2 30.Qxc6 Ne7 31.Qa4 Qxa4 32.bxa4 Rd8 33.Kf2 Nf5 34.a5 Bf8 35.a6
Bc5+ 36.Ke1 Nd4 37.Ba5 Rd6 38.Rc1 Ba7 39.Bb7 Nxf3+ 40.Bxf3 Rxa6 41.Rc8+ Kg7
42.Bc3 Bd4 43.Bxd4 exd4 44.Rd8 Rf6 45.Kf2 Rf4 46.Rd5 Kh6 47.Kg3 Rf6 48.Rxd4
Kg7 49.Rd7 Rf5 50.Bd5 Rf6 51.Be4 Kg8 52.h3 Kg7 53.Kg4 Kf8 54.Kg5 Kg7 55.Rd3
Ra6 56.Rc3 Ra4 57.Bxg6 {#d} 1/2-1/2

[Event "Ch Aragon"]
[Site "masterchessopen.com Aragon (Spain)"]
[Round "4"]
[White "Baigorri Francisco J (ESP)"]
[Black "Ramiro Ovejero Juan Luis (ESP)"]
[Result "1/2-1/2"]
[WhiteElo "2178"]
[BlackElo "2303"]

1.d4 Nf6 2.c4 g6 3.Nc3 Bg7 4.e4 d6 5.f4 O-O 6.Nf3 c5 7.dxc5 Qa5 8.Bd3 Qxc5
9.Qe2 Nc6 10.Be3 Qa5 11.Rc1 e5 12.fxe5 Nxe5 13.O-O Nfg4 14.Nxe5 Qxe5 {#d}
1/2-1/2

[Event "It (open)"]
[Site "masterchessopen.com Buenos Aires (Argentina)"]
[Round "4"]
[White "Giardelli Sergio C (ARG)"]
[Black "Fiorito Fabian (ARG)"]
[Result "1-0"]
[WhiteElo "2480"]
[BlackElo "2445"]

1.d4 Nf6 2.c4 g6 3.Nc3 Bg7 4.e4 d6 5.f4 O-O 6.Nf3 c5 7.dxc5 Qa5 8.Bd3 Qxc5
9.Qe2 Nc6 10.Be3 Qa5 11.Rc1 Bg4 12.O-O Nd7 13.Qf2 Bxf3 14.gxf3 Nc5 15.Bb1 Na4
16.Nxa4 Qxa4 17.Kh1 b6 18.Rg1 Qb4 19.b3 Qa3 20.f5 Qb2 21.Rc2 Qa1 22.Rd2 Qc3
23.h4 Kh8 24.f4 gxf5 25.Qg3 Rg8 26.Rdg2 Qf6 27.exf5 Rac8 28.Bc1 Qc3 29.Qg4 d5
30.cxd5 Nb4 31.Bd2 {#r} 1-0

[Event "Ch France (accession)"]
[Site "masterchessopen.com Chambery (France)"]
[Round "4"]
[White "Gouret Thierry (FRA)"]
[Black "Girardon Jerome (FRA)"]
[Result "1-0"]
[WhiteElo "2297"]
[BlackElo "2162"]

1.c4 g6 2.Nc3 Bg7 3.d4 Nf6 4.e4 O-O 5.f4 d6 6.Nf3 c5 7.dxc5 Qa5 8.Bd3 Qxc5
9.Qe2 Nc6 10.Be3 Qa5 11.O-O Bd7 12.a3 Rac8 13.Kh1 Bg4 14.Qf2 Nd7 15.b4 Qh5
16.Rac1 Bxf3 17.gxf3 a6 18.Rg1 Bh6 19.Rg4 Nde5 20.fxe5 Nxe5 21.Be2 Bxe3
22.Qxe3 Nxg4 23.fxg4 Qe5 24.Nd5 Rc6 25.Qg3 Qe6 26.g5 Re8 27.Qf4 Qe5 28.Qxe5
dxe5 29.c5 Kf8 30.b5 axb5 31.Bxb5 {#r} 1-0

[Event "It (open) \"]
[Site "masterchessopen.com Spain"]
[Round "4"]
[White "Baigorri Francisco J (ESP)"]
[Black "Palacios Perez Manuel (ESP)"]
[Result "0-1"]
[WhiteElo "2178"]
[BlackElo "2192"]

1.d4 Nf6 2.c4 g6 3.Nc3 Bg7 4.e4 d6 5.f4 O-O 6.Nf3 c5 7.dxc5 Qa5 8.Bd3 Qxc5
9.Qe2 Nc6 10.Be3 Qa5 11.Rc1 Bg4 12.O-O Nd7 13.Qd2 Nc5 14.Bb1 Qb4 15.Rfd1 Bxf3
16.gxf3 b6 17.f5 Rac8 18.a3 Qxc4 19.f6 exf6 20.Ba2 Qa6 21.b4 Nd3 22.Qe2 Nce5
23.Rc2 Nxb4 {#R} 0-1

[Event "Staatsliga B East 1994/95"]
[Site "masterchessopen.com Austria"]
[Round "0"]
[White "Obermayr Hermann (AUT)"]
[Black "Schuh Franz (AUT)"]
[Result "0-1"]
[WhiteElo "2195"]
[BlackElo "2275"]

1.d4 Nf6 2.c4 g6 3.Nc3 Bg7 4.e4 O-O 5.f4 d6 6.Nf3 c5 7.dxc5 Qa5 8.Bd3 Qxc5
9.Qe2 Nc6 10.Be3 Qa5 11.O-O Ng4 12.Bd2 Qh5 13.h3 Nd4 14.Qd1 f5 15.e5 dxe5
16.Nxe5 Nxe5 17.Qxh5 gxh5 18.fxe5 Bxe5 19.Rae1 Nc6 20.Bh6 Bg7 21.Bxg7 Kxg7
22.b4 e6 23.b5 Ne7 24.Nd5 Nxd5 25.cxd5 Rd8 26.Re5 Rxd5 27.Rxd5 exd5 28.Re1 Kf7
29.Rc1 Kf6 30.Rc7 b6 31.Kf2 Be6 32.Ke3 Ke5 33.Be2 f4+ 34.Kf3 h6 35.a4 d4
36.Kf2 Rc8 37.Rxa7 Rc2 38.Ke1 Bf5 39.Re7+ Kd6 40.Rf7 Be4 41.Rxf4 Ke5 42.Rh4 d3
43.Rxh5+ Kd4 44.Bxd3 Kxd3 45.Rxh6 Ke3 46.Kd1 Rxg2 47.Kc1 Rc2+ 48.Kd1 Rc4
49.Re6 Rxa4 50.Kc1 Rb4 {#R} 0-1

[Event "Czech League 1994/95 (2nd) (c)"]
[Site "masterchessopen.com Czech Republic"]
[Round "7"]
[White "Pastor Karel Jr (CZE)"]
[Black "Firych Miroslav (CZE)"]
[Result "1/2-1/2"]
[WhiteElo "2260"]
[BlackElo "2028"]

1.d4 Nf6 2.c4 g6 3.Nc3 Bg7 4.e4 d6 5.f4 O-O 6.Nf3 c5 7.dxc5 Qa5 8.Bd3 Qxc5
9.Qe2 Nc6 10.Be3 Qa5 11.O-O Ng4 12.Bd2 Nd4 13.Nxd4 Bxd4+ 14.Kh1 Qh5 15.h3 Bd7
16.f5 Nf6 17.Nd5 Qxe2 18.Bxe2 Kg7 19.Rad1 Nxe4 20.Be1 Be5 21.Nxe7 Rae8 22.Bd3
Nc5 23.Nd5 Nxd3 24.f6+ Bxf6 25.Rxd3 Be5 26.Bb4 Bf5 27.Rd2 b6 28.Ne3 Bc8 29.Nd5
h5 30.Nc7 Re7 31.Nb5 Be6 32.Nxd6 Rd7 33.b3 Bxd6 34.Bxd6 Rfd8 35.Be5+ Kg8
36.Rxd7 Rxd7 37.Rc1 Kf8 38.c5 bxc5 39.Rxc5 Ke8 40.Rc8+ Rd8 41.Rc2 Ke7 42.Rf2
Rd1+ 43.Kh2 Rc1 44.Rd2 Bf5 45.Bd6+ Ke8 46.Re2+ Kd7 47.Bf8 Be6 48.Bh6 Rc3
49.Bg7 Rc1 50.b4 Kc6 51.a4 a6 52.Bf8 Ra1 53.Rc2+ Kb7 54.a5 {#d} 1/2-1/2

[Event "Izt (w)"]
[Site "masterchessopen.com Kishinev (Moldova)"]
[Round "2"]
[White "Peng Zhaoqin (NED)"]
[Black "Nikolin Zorica (SRB)"]
[Result "1-0"]
[WhiteElo "2355"]
[BlackElo "2235"]

1.d4 Nf6 2.c4 g6 3.Nc3 Bg7 4.e4 d6 5.f4 c5 6.dxc5 Qa5 7.Bd3 Qxc5 8.Qe2 Nc6
9.Nf3 O-O 10.Be3 Qa5 11.O-O Bg4 12.Rac1 Nd7 13.Qf2 Nc5 14.Bb1 Bxf3 15.gxf3 Ne6
16.Nd5 Rfe8 17.Kh1 Qd8 18.b4 b6 19.Bc2 Rc8 20.Ba4 Nf8 21.Rfd1 e6 22.Nc3 Qe7
23.a3 Red8 24.Rd3 Nb8 25.Bb3 Nfd7 26.Nb5 Nf6 27.Rcd1 Ne8 28.Qd2 Bf8 29.c5 bxc5
30.Bxc5 Qb7 31.Nxd6 Nxd6 32.Bxd6 Bxd6 33.Rxd6 Rxd6 34.Qxd6 a5 35.Kg2 Qb5
36.Qd3 Qb6 37.b5 Qc5 38.a4 Qb4 39.Rb1 Qe7 40.Qd1 Rd8 41.Qe2 e5 {#r} 1-0

[Event "It (open)"]
[Site "masterchessopen.com Mainz (Germany)"]
[Round "9"]
[White "Schiff Armin (GER)"]
[Black "Barthel Bergit (GER)"]
[Result "1/2-1/2"]
[WhiteElo "2147"]
[BlackElo "2089"]

1.d4 Nf6 2.c4 g6 3.Nc3 Bg7 4.e4 d6 5.f4 O-O 6.Nf3 c5 7.dxc5 Qa5 8.Bd3 Qxc5
9.Qe2 Nc6 10.Be3 Qa5 11.O-O Bg4 12.Rac1 Nd7 13.Bb1 Nd4 14.Qf2 Nxf3+ 15.gxf3
Be6 16.Nd5 Bxd5 17.cxd5 Rfc8 18.Bd4 Qb4 19.Bxg7 Kxg7 20.Kh1 a5 21.Rg1 Rxc1
22.Rxc1 Nc5 23.Qe2 Qd4 24.Rc4 Qf6 25.e5 Qh4 26.f5 Qh3 27.Qf2 Qh6 28.exd6 exd6
29.Rg4 Re8 30.f4 Qh5 31.Qd4+ Kg8 32.Qd1 Re1+ 33.Qxe1 Qxg4 34.f6 Nd7 35.Qxa5
Qd1+ 36.Kg2 Qe2+ 37.Kg1 Nxf6 38.Qc3 Qd1+ 39.Kg2 Qe2+ 40.Kg1 Qd1+ 41.Kg2 Qe2+
42.Kg1 {#d} 1/2-1/2

[Event "Ch Iceland (team) 1995/96"]
[Site "masterchessopen.com Reykjavik (Iceland)"]
[Round "0"]
[White "Gretarsson Helgi Ass (ISL)"]
[Black "Gretarsson Andri A (ISL)"]
[Result "1-0"]
[WhiteElo "2440"]
[BlackElo "2330"]

1.d4 Nf6 2.c4 g6 3.Nc3 Bg7 4.e4 O-O 5.f4 d6 6.Nf3 c5 7.dxc5 Qa5 8.Bd3 Qxc5
9.Qe2 Nc6 10.Be3 Qa5 11.O-O Ng4 12.Bd2 Nd4 13.Nxd4 Bxd4+ 14.Kh1 Qh5 15.h3 Nf6
16.Qf3 Qxf3 17.Rxf3 Bd7 18.Re1 Rac8 19.b3 Rfe8 20.Ne2 Bb6 21.Bc3 Bc6 22.Nd4
Nd7 23.Bc2 Bxd4 24.Bxd4 e5 25.Bc3 f5 26.fxe5 dxe5 27.Rf2 f4 28.b4 Nf6 29.Rd2
Kg7 30.Bb2 b6 31.Rd6 g5 32.c5 bxc5 33.bxc5 Re7 34.Kg1 Bb7 35.Ba3 Nd7 36.c6
Bxc6 37.Bb3 Ree8 38.Be6 Rc7 39.Rc1 Nb8 40.Bd5 Rec8 41.Bb2 Bxd5 42.Bxe5+ Kg8
43.Rxc7 Rxc7 44.Rd8+ {#r} 1-0

[Event "It (open)"]
[Site "masterchessopen.com Buenos Aires (Argentina)"]
[Round "0"]
[White "Giardelli Sergio C (ARG)"]
[Black "Giaccio Alfredo (ARG)"]
[Result "1/2-1/2"]
[WhiteElo "2460"]
[BlackElo "2465"]

1.c4 g6 2.d4 Bg7 3.Nc3 Nf6 4.e4 d6 5.f4 O-O 6.Nf3 c5 7.dxc5 Qa5 8.Bd3 Qxc5
9.Qe2 Nc6 10.Be3 Qa5 11.Rc1 Bg4 12.O-O Nd7 13.Qf2 Rfc8 14.Bb1 Bxf3 15.gxf3 Nc5
16.Kh1 Na4 17.Nxa4 Qxa4 18.Rg1 b5 19.b3 Qb4 20.h4 a5 21.h5 a4 22.f5 axb3
23.fxg6 hxg6 24.hxg6 Ne5 25.f4 Nxc4 26.Qg3 f5 27.Bd4 Bxd4 28.Qh3 Bg7 29.Qxf5
Rc5 30.Qe6+ Kh8 31.e5 Nxe5 32.Qh3+ Kg8 33.fxe5 Rxc1 34.Qe6+ {#d} 1/2-1/2

[Event "Ch World (juniors) (under 18)"]
[Site "masterchessopen.com Cala Galdana (Spain)"]
[Round "10"]
[White "Leitao Rafael (BRA)"]
[Black "Shaked Tal (USA)"]
[Result "1-0"]
[WhiteElo "2475"]
[BlackElo "2440"]

1.d4 Nf6 2.c4 g6 3.Nc3 Bg7 4.e4 d6 5.f4 O-O 6.Nf3 c5 7.dxc5 Qa5 8.Bd3 Qxc5
9.Qe2 Nc6 10.Be3 Qa5 11.O-O Ng4 12.Bd2 Qb6+ 13.Kh1 Qxb2 14.Nb5 Bd7 15.e5 dxe5
16.Rfb1 e4 17.Rxb2 exd3 18.Qf1 Bxb2 19.Re1 Rad8 20.h3 Nh6 21.Qxd3 Bg7 22.Qb3
Bc8 23.Bc3 Rd3 24.Qb2 Bxc3 25.Nxc3 Bxh3 26.Nd5 Bc8 27.Ne5 Nxe5 28.Nxe7+ Kg7
29.Rxe5 f6 30.Rd5 Rxd5 31.cxd5 b6 32.Qc3 Bg4 33.Qc7 Nf7 34.Qxa7 b5 35.Qc7 Rd8
36.Qc5 Be2 37.Nc6 Rd6 38.Nd4 Bd3 39.Ne6+ Kh6 40.Qd4 {#r} 1-0

[Event "Ch Iceland (team) 1995/96"]
[Site "masterchessopen.com Gardabaer (Iceland)"]
[Round "0"]
[White "Gretarsson Andri A (ISL)"]
[Black "Sigurpalsson Runar (ISL)"]
[Result "1-0"]
[WhiteElo "2315"]
[BlackElo "2275"]

1.d4 Nf6 2.c4 g6 3.Nc3 Bg7 4.e4 d6 5.f4 O-O 6.Nf3 c5 7.dxc5 Qa5 8.Bd3 Qxc5
9.Qe2 Nc6 10.Be3 Qa5 11.O-O Ng4 12.Bd2 Qb6+ 13.Kh1 Bd7 14.h3 Nf6 15.Be3 Qd8
16.Rad1 Rc8 17.Qf2 b6 18.Bb1 Qc7 19.Qh4 Be6 20.b3 Ne8 21.Nb5 Qb7 22.Ng5 Nf6
23.e5 { ! } 23...dxe5 24.fxe5 Nh5 ( 24...Nxe5 25.Rxf6 { +?? } ) 25.g4 { ! }
25...h6 26.gxh5 hxg5 27.Bxg5 Bf5 28.Rxf5 { ! } 28...gxf5 29.Bxf5 Rcd8 (
29...Nxe5+ 30.Be4 Qb8 31.h6 Ng6 32.Bxg6 fxg6 33.hxg7 Rf5 34.Rd7 { +?? } )
30.Rg1 { ! } 30...Kh8 31.Bf6 { !! } 31...Nxe5+ ( 31...Bxf6 32.exf6 Rg8
33.Rxg8+ Rxg8 34.Qf4 { +?? } ) 32.Be4 Bxf6 33.Qf4 Qxe4+ 34.Qxe4 { +?? }
34...Rg8 35.Rxg8+ Kxg8 36.Nc3 Nd3 37.Qg2+ Kh8 38.Nd5 Bg7 39.Qg3 Nc5 40.Qc7 Rg8
41.Nxe7 { } {#r} 1-0

[Event "Bundesliga (2nd) East 1995/96"]
[Site "masterchessopen.com Germany"]
[Round "0"]
[White "Priehoda Vitezslav (CZE)"]
[Black "Komljenovic Luka (GER)"]
[Result "1/2-1/2"]
[WhiteElo "2400"]
[BlackElo "2228"]

1.d4 Nf6 2.c4 g6 3.Nc3 Bg7 4.e4 O-O 5.f4 d6 6.Nf3 c5 7.dxc5 Qa5 8.Bd3 Qxc5
9.Qe2 Nc6 10.Be3 Qa5 11.Rc1 Bg4 12.O-O Nd7 13.Qf2 Bxf3 14.gxf3 Rfd8 15.Kh1 Nc5
16.Bb1 Na4 17.Nxa4 Qxa4 18.f5 Rac8 19.Rg1 b5 20.b3 Qa5 21.h4 bxc4 22.Rxc4 Ne5
23.Ra4 Qb5 24.f4 Nc6 25.h5 a5 26.hxg6 fxg6 27.Rc4 d5 28.Rc5 Qb7 29.fxg6 h6
30.exd5 Nb4 31.Rxc8 Qxc8 32.f5 Nxd5 33.Bc1 Nc3 34.Be3 Nxb1 35.Rxb1 Rf8 36.Rf1
Qc3 37.Bb6 Qc6+ 38.Kg1 Qe4 39.Be3 e6 40.Qf4 Qd5 41.Qc4 Qxc4 42.bxc4 exf5
43.Bf4 Rc8 44.Be3 Rxc4 45.Rxf5 Rg4+ 46.Kf2 Rxg6 47.Rxa5 Kf7 48.a4 Re6 49.Rb5
Re4 50.a5 Bd4 51.Bxd4 Rxd4 {#d} 1/2-1/2

[Event "It (open) \"]
[Site "masterchessopen.com Pardubice (Czech Republic)"]
[Round "7"]
[White "Chytilek Roman (CZE)"]
[Black "Dydyshko Viacheslav (BLR)"]
[Result "1/2-1/2"]
[WhiteElo "2340"]
[BlackElo "2545"]

1.d4 Nf6 2.c4 g6 3.Nc3 Bg7 4.e4 d6 5.f4 O-O 6.Nf3 c5 7.dxc5 Qa5 8.Bd3 Qxc5
9.Qe2 Nc6 10.Be3 Qa5 11.O-O Bg4 12.Rac1 Nd7 13.Qf2 Nc5 14.Bb1 Bxf3 15.gxf3
Rfd8 16.Rfd1 Nd7 17.a3 Rdc8 {#d} 1/2-1/2

[Event "It (open)"]
[Site "masterchessopen.com Regensburg (Germany)"]
[Round "6"]
[White "Deml Tilo"]
[Black "Hoepfl Thomas (GER)"]
[Result "0-1"]
[WhiteElo "2000"]
[BlackElo "2341"]

1.d4 Nf6 2.c4 g6 3.Nc3 Bg7 4.e4 d6 5.f4 c5 6.dxc5 Qa5 7.Bd3 Qxc5 8.Nf3 Nc6
9.Qe2 O-O 10.Be3 Qa5 11.O-O Ng4 12.Bd2 Qb6+ 13.Kh1 Qxb2 14.Rab1 Qa3 15.Rb3 Qa5
16.h3 Nf6 17.e5 Nh5 18.Kh2 dxe5 19.Nxe5 Nd4 20.Qe1 Nxb3 21.axb3 Be6 22.g4 Nf6
23.f5 Qxe5+ {#R} 0-1

[Event "It (cat.7)"]
[Site "masterchessopen.com Rosario (Argentina)"]
[Round "2"]
[White "Garcia Palermo Carlos (ITA)"]
[Black "Aguerreberry Claudio (ARG)"]
[Result "0-1"]
[WhiteElo "2495"]
[BlackElo "2265"]

1.d4 Nf6 2.c4 g6 3.Nc3 Bg7 4.e4 d6 5.f4 c5 6.dxc5 Qa5 7.Bd3 Qxc5 8.Nf3 O-O
9.Qe2 Nc6 10.Be3 Qa5 11.Rc1 Be6 12.a3 Rac8 13.h3 Bxc4 14.Bxc4 Nxe4 15.Qd3 Ng3
16.Rg1 e6 17.Bf2 Nh5 18.Qd2 d5 19.Be2 d4 20.Nb5 Qxd2+ 21.Kxd2 Rcd8 22.Ne5 Nxe5
23.Bxh5 Bh6 24.Bg3 gxh5 25.Nxa7 Ng6 26.Rc5 e5 27.Kd1 h4 28.Bh2 f6 29.g3 hxg3
30.Bxg3 exf4 31.Bf2 Rd7 32.Nb5 Kf7 33.Nxd4 Rfd8 34.Ke2 Rxd4 35.Bxd4 Rxd4
36.Rc7+ Ke6 37.Rxh7 f3+ 38.Kf2 Rd2+ 39.Kxf3 Ne5+ 40.Kg3 Be3 41.Re1 Bf2+ {#R}
0-1

[Event "Ch Pan-American"]
[Site "masterchessopen.com South America"]
[Round "0"]
[White "Leitao Rafael (BRA)"]
[Black "Peralta Fernando (ARG)"]
[Result "1-0"]
[WhiteElo "2475"]
[BlackElo "2340"]

1.d4 Nf6 2.c4 g6 3.Nc3 Bg7 4.e4 d6 5.f4 O-O 6.Nf3 c5 7.dxc5 Qa5 8.Bd3 Qxc5
9.Qe2 Nc6 10.Be3 Qa5 11.O-O Ng4 12.Bd2 Qb6+ 13.Kh1 Qxb2 14.Rab1 Qa3 15.Nb5 Qa4
16.Rb3 a6 17.Ra3 axb5 18.Rxa4 bxa4 19.h3 Nf6 20.e5 dxe5 21.fxe5 Ne8 22.Bc3 Nc7
23.Be4 h6 24.Qb2 a3 25.Qb6 Ne6 26.Bd5 Rd8 27.Qf2 Ra4 28.Qc2 Ra6 29.Qe4 Bd7
30.Bd2 Ra4 31.Qh4 h5 32.g4 hxg4 33.hxg4 f6 34.exf6 exf6 35.Qe1 Re8 36.Qb1 Ra6
37.Qxb7 Ra7 38.Qb1 Ne7 39.Be3 Ra5 40.Bb6 Ra6 41.Bb7 Ra4 42.Rd1 Nf8 43.Rxd7
{#r} 1-0

[Event "It (open)"]
[Site "masterchessopen.com Wattens (Austria)"]
[Round "3"]
[White "Netolitzky Gregor (AUT)"]
[Black "Martinovic Slobodan (SRB)"]
[Result "0-1"]
[WhiteElo "2212"]
[BlackElo "2500"]

1.d4 Nf6 2.c4 g6 3.Nc3 Bg7 4.e4 d6 5.f4 O-O 6.Nf3 c5 7.dxc5 Qa5 8.Bd3 Qxc5
9.Qe2 Nc6 10.Be3 Qa5 11.Rc1 Bg4 12.O-O Nd7 13.Qf2 Bxf3 14.gxf3 Rfc8 15.a3 Qd8
16.b4 b6 17.Kh1 Qf8 18.Rg1 Rab8 19.Rg3 Nf6 20.Rh3 e6 21.Qh4 Nh5 22.Ne2 f5
23.Rg1 Kh8 24.Qf2 Ne7 25.c5 bxc5 26.bxc5 dxc5 27.Bxc5 Qd8 28.Bxe7 Qxd3 29.e5
Qd7 30.Bd6 Rb2 31.Rxh5 gxh5 32.Qe1 Rcc2 33.Qh4 Rxe2 34.Qxh5 Rxh2+ {#R} 0-1